| 000 | 00687nam a2200205 a 4500 | ||
|---|---|---|---|
| 008 | 120416s1993 ||||||||||||||||| || u | ||
| 020 | _a0195083288 | ||
| 050 | _aS 591 Tro | ||
| 100 | _aTroeh, Frederick R | ||
| 245 | 1 | 0 | _aSoils and soil fertility. (5th ed.) |
| 250 | _a5th ed. | ||
| 260 |
_aNew York: _bOxford University Press _c1993 |
||
| 300 | _avi, 462 p. : ill. | ||
| 350 | _a0.00 | ||
| 650 | _aSOIL FERTILITY--ZAMBIA | ||
| 650 | _aSOILS | ||
| 650 | _aSOIL MANAGEMENT--ZAMBIA | ||
| 700 | _aThompson, Louis M. (Louis Milton) | ||
| 995 |
_aBINDERY (DAMAGED) _D0.00 _e728573 _FCBU-MAIN LIBRARY (Kitwe) _H1 _I42.00 _jS 591 Tro _M1 _UDAMAGED _y020673 _ZMain Library Open Access Collection |
||
| 999 |
_c76640 _d76640 |
||